Statistiques concernant Les Livres de la Bible

Cliquez ici pour prendre le quiz!

Statistiques générales

  • Ce quiz a été pris 3 837 fois
    (2 905 depuis la dernière actualisation)
  • Le résultat moyen est 23 sur 73

Statistiques - réponses

Livre% Correct
Génèse
85%
Jean
72%
L'Apocalypse
70%
Matthieu
66%
Luc
65%
Marc
63%
Exode
59%
Deutéronome
50%
Psaumes
47%
Lévitique
44%
Job
43%
Nombres
42%
Romains
38%
Le Cantique des Cantiques
36%
Actes des Apôtres
35%
Jacques
34%
Jérémie
34%
Isaïe
32%
Ruth
32%
Daniel
32%
Proverbes
32%
Ézéchiel
32%
Jude
31%
Esther
31%
Josué
31%
Éphésiens
30%
Juges
30%
Jonas
29%
I Rois
29%
II Rois
29%
II Corinthiens
28%
I Corinthiens
28%
Galates
27%
II Jean
27%
I Jean
27%
Hébreux
27%
Zacharie
26%
L'Ecclésiaste
26%
III Jean
26%
II Pierre
26%
I Pierre
26%
Philippiens
26%
Colossiens
25%
Malachie
25%
Amos
25%
II Samuel
25%
Osée
25%
I Samuel
25%
Lamentations
25%
Tite
25%
II Thessaloniciens
24%
I Thessaloniciens
24%
Néhémie
23%
Esdras
23%
Habaquq
23%
I Timothée
22%
I Chroniques
22%
Michée
22%
II Chroniques
22%
Joël
22%
Sagesse
21%
II Timothée
21%
Philémon
21%
Judith
21%
Sophonie
20%
Aggée
19%
L'Écclésiastique
19%
Tobie
18%
Nahum
18%
Abdias
18%
Baruch
18%
I Maccabées
16%
II Maccabées
16%

Distribution des résultats

Percentile par nombre de réponses

% des personnes avec chaque résultat

Votre développement - résultats

Vous n’avez pas pris ce quiz depuis la dernière actualisation